<?xml version="1.0" encoding="UTF-8"?>
<record
    xmlns:xsi="http://www.w3.org/2001/XMLSchema-instance"
    xsi:schemaLocation="http://www.loc.gov/MARC21/slim http://www.loc.gov/standards/marcxml/schema/MARC21slim.xsd"
    xmlns="http://www.loc.gov/MARC21/slim">

  <leader>00193nam a2200085   4500</leader>
  <controlfield tag="001">1238854</controlfield>
  <controlfield tag="005">20251006125325.0</controlfield>
  <datafield tag="245" ind1=" " ind2=" ">
    <subfield code="a">R&#x130;YAZ&#xDC;'S-SAL&#x130;H&#xCE;N</subfield>
    <subfield code="c">&#x130;MAM NEVEV&#x130;</subfield>
  </datafield>
  <datafield tag="260" ind1=" " ind2=" ">
    <subfield code="b">H&#xDC;NER YAYINEV&#x130;</subfield>
  </datafield>
  <datafield tag="999" ind1=" " ind2=" ">
    <subfield code="c">1238854</subfield>
    <subfield code="d">1238854</subfield>
  </datafield>
  <datafield tag="952" ind1=" " ind2=" ">
    <subfield code="0">0</subfield>
    <subfield code="1">0</subfield>
    <subfield code="2">ddc</subfield>
    <subfield code="4">0</subfield>
    <subfield code="7">0</subfield>
    <subfield code="a">1054</subfield>
    <subfield code="b">1054</subfield>
    <subfield code="d">2025-10-06</subfield>
    <subfield code="l">0</subfield>
    <subfield code="o">S2</subfield>
    <subfield code="p">10545785</subfield>
    <subfield code="r">2025-10-06 12:53:53</subfield>
    <subfield code="w">2025-10-06</subfield>
    <subfield code="y">BK</subfield>
  </datafield>
</record>
